|
|
|
|
| LEADER |
00749pmm a22002298a 4500 |
| 001 |
00044161 |
| 005 |
20190422150426.0 |
| 008 |
111221s2003 ||||||engsd |
| 020 |
# |
# |
|c 0
|
| 041 |
0 |
# |
|a eng
|
| 082 |
1 |
4 |
|a 428
|b D207T
|
| 100 |
1 |
# |
|a Richards, Jack C.
|
| 245 |
1 |
0 |
|h Nguồn liệu điện tử
|a Developing Tactics for listening
|c Jack C. Richards
|
| 250 |
# |
# |
|a Second Edition
|
| 260 |
# |
# |
|a Oxford
|b Oxford Univ. Press
|c 2003
|
| 300 |
# |
# |
|a 1 CD
|b ill.
|c 43/4 inch
|e sách
|
| 600 |
1 |
4 |
|a Tiếng Anh
|
| 650 |
# |
4 |
|a Tiếng Anh
|x Ngữ pháp
|
| 653 |
# |
# |
|a Anh ngữ thực hành
|
| 653 |
# |
# |
|a Đĩa CD
|
| 852 |
# |
# |
|j DPT.0004192
|j DPT.0004190
|
| 980 |
# |
# |
|a Trung tâm Học liệu Lê Vũ Hùng, Trường Đại học Đồng Tháp
|